000 00568nam a2200205 a 4500
001 BRCA_6915
005 20190320205635.0
008 161111s1913----enka######---#000-0#eng-#
041 _aeng
044 _aenk
050 4 _aGV1547
_b.G65 1913
100 1 _aGoldston, Will
_917232
245 1 0 _aSimple conjuring tricks
_bthat anybody can perform
_cby Will Goldston
300 _a124 p.
_bil.
_c19 cm.
500 _aEstado físico: deshojado, lomo y cuebiertas deterioradas
500 _aO125
650 1 4 _aPrestidigitación
_917233
902 _aGFM
942 _2lcc
_cB
999 _c6597
_d6597